5HLuxD.jpg

KING HENRY VIII SENIOR AND PRIMARY SCHOOL LIBRARY OPAC

I wonder why stars twinkle and other questions about space / (Record no. 4693)

000 -LEADER
fixed length control field 00491cam a2200169 4500
008 - FIXED-LENGTH DATA ELEMENTS--GENERAL INFORMATION
fixed length control field 921202s1993 nyua j 001 0 eng
010 ## - LIBRARY OF CONGRESS CONTROL NUMBER
LC control number 92044259
020 ## - INTERNATIONAL STANDARD BOOK NUMBER
International Standard Book Number 0753405164
050 00 - LIBRARY OF CONGRESS CALL NUMBER
Classification number QB46
Item number S952 2001
082 00 - DEWEY DECIMAL CLASSIFICATION NUMBER
Classification number 520 STO
Edition number 20
100 1# - MAIN ENTRY--PERSONAL NAME
Personal name Stott, Carole.
245 10 - TITLE STATEMENT
Title I wonder why stars twinkle and other questions about space /
Statement of responsibility, etc. Carole Stott.
260 ## - PUBLICATION, DISTRIBUTION, ETC.
Place of publication, distribution, etc. New York :
Name of publisher, distributor, etc. Kingfisher Books,
Date of publication, distribution, etc. 1993.
300 ## - PHYSICAL DESCRIPTION
Extent 32 p. :
Other physical details col. ill. ;
Dimensions 29 cm.
500 ## - GENERAL NOTE
General note Includes index.
942 ## - ADDED ENTRY ELEMENTS (KOHA)
Source of classification or shelving scheme
Holdings
Withdrawn status Lost status Source of classification or shelving scheme Damaged status Not for loan Collection code Permanent Location Current Location Shelving location Date acquired Total Checkouts Full call number Barcode Date last seen Date last checked out Price effective from Koha item type Public note
          Non-Fiction KH8 Primary School Library KH8 Primary School Library Non Fiction 2025-03-10 2 520 STO KHPL000006425 2026-03-17 2026-03-10 2025-03-10 Books - Non Ficton KH8 PRIMARY LIBRARY

Powered By KH8 IT Dept